|
|
|
|
| LEADER |
03911nam a2200529 4500 |
| 001 |
978-3-030-03664-5 |
| 003 |
DE-He213 |
| 005 |
20191220130545.0 |
| 007 |
cr nn 008mamaa |
| 008 |
181228s2019 gw | s |||| 0|eng d |
| 020 |
|
|
|a 9783030036645
|9 978-3-030-03664-5
|
| 024 |
7 |
|
|a 10.1007/978-3-030-03664-5
|2 doi
|
| 040 |
|
|
|d GrThAP
|
| 050 |
|
4 |
|a RC927-927.5
|
| 072 |
|
7 |
|a MJM
|2 bicssc
|
| 072 |
|
7 |
|a MED083000
|2 bisacsh
|
| 072 |
|
7 |
|a MJM
|2 thema
|
| 082 |
0 |
4 |
|a 616.723
|2 23
|
| 100 |
1 |
|
|a Pelechas, Eleftherios.
|e author.
|4 aut
|4 http://id.loc.gov/vocabulary/relators/aut
|
| 245 |
1 |
0 |
|a Illustrated Handbook of Rheumatic and Musculo-Skeletal Diseases
|h [electronic resource] /
|c by Eleftherios Pelechas, Evripidis Kaltsonoudis, Paraskevi V. Voulgari, Alexandros A. Drosos.
|
| 250 |
|
|
|a 1st ed. 2019.
|
| 264 |
|
1 |
|a Cham :
|b Springer International Publishing :
|b Imprint: Springer,
|c 2019.
|
| 300 |
|
|
|a XXI, 379 p. 404 illus., 345 illus. in color.
|b online resource.
|
| 336 |
|
|
|a text
|b txt
|2 rdacontent
|
| 337 |
|
|
|a computer
|b c
|2 rdamedia
|
| 338 |
|
|
|a online resource
|b cr
|2 rdacarrier
|
| 347 |
|
|
|a text file
|b PDF
|2 rda
|
| 505 |
0 |
|
|a Clinical Examination of the musculoskeletal system -- Laboratory and immunological tests in Rheumatology -- Rheumatoid Arthritis -- Sjögren's syndrome -- Psoriatic Arthritis -- Ankylosing Spondylitis -- Systemic Lupus Erythematosus and antiphospholipid syndrome -- Scleroderma -- Inflammatory Myopathies -- Vasculitides -- Osteoarthritis -- Crystal arthropathies -- Gout -- Pseudogout (Calcium Pyrophosphate Dihydrate Crystal Deposition Disease) -- Hydroxyapatitie -- Complex regional pain syndromes -- Osteoporosis -- Osteonecrosis -- Miscellaneous conditions -- Sarcoidosis -- Relapsing polychondritis -- DISH (Diffuse Idiopathic Skeletal Hyperostosis -- Adverse drug reactions in Rheumatology.
|
| 520 |
|
|
|a This book comprehensively reviews clinical aspects and features of rheumatic and musculo-skeletal diseases in an integrated and easy to read format. It enables the reader to become confident in identifying common and unusual disease symptoms and be able to apply a variety of diagnostic modalities and evaluate potential treatment options. Every disease covered has a variety of clinically relevant images detailing both typical and rare signs and symptoms. Each image is accompanied by a detailed description covering relevant epidemiological data, diagnostic modalities and treatment options. The Illustrated Handbook of Rheumatic and Musculo-Skeletal Diseases provides a comprehensive and clinically relevant guide for the diagnosis and treatment of a broad range of rheumatic and allied diseases. It is a valuable resource for the trainee and practising rheumatologist, general practitioner, orthopaedic specialist, and dermatologist. .
|
| 650 |
|
0 |
|a Rheumatology.
|
| 650 |
|
0 |
|a Orthopedics.
|
| 650 |
|
0 |
|a Radiology.
|
| 650 |
|
0 |
|a Immunology.
|
| 650 |
1 |
4 |
|a Rheumatology.
|0 http://scigraph.springernature.com/things/product-market-codes/H33170
|
| 650 |
2 |
4 |
|a Orthopedics.
|0 http://scigraph.springernature.com/things/product-market-codes/H45000
|
| 650 |
2 |
4 |
|a Imaging / Radiology.
|0 http://scigraph.springernature.com/things/product-market-codes/H29005
|
| 650 |
2 |
4 |
|a Immunology.
|0 http://scigraph.springernature.com/things/product-market-codes/B14000
|
| 700 |
1 |
|
|a Kaltsonoudis, Evripidis.
|e author.
|4 aut
|4 http://id.loc.gov/vocabulary/relators/aut
|
| 700 |
1 |
|
|a Voulgari, Paraskevi V.
|e author.
|4 aut
|4 http://id.loc.gov/vocabulary/relators/aut
|
| 700 |
1 |
|
|a Drosos, Alexandros A.
|e author.
|4 aut
|4 http://id.loc.gov/vocabulary/relators/aut
|
| 710 |
2 |
|
|a SpringerLink (Online service)
|
| 773 |
0 |
|
|t Springer eBooks
|
| 776 |
0 |
8 |
|i Printed edition:
|z 9783030036638
|
| 776 |
0 |
8 |
|i Printed edition:
|z 9783030036652
|
| 856 |
4 |
0 |
|u https://doi.org/10.1007/978-3-030-03664-5
|z Full Text via HEAL-Link
|
| 912 |
|
|
|a ZDB-2-SME
|
| 950 |
|
|
|a Medicine (Springer-11650)
|